Maestros rusos : (Record no. 186084)

MARC details
000 -LEADER
campo de control de longitud fija 01238nam a2200169 i 4500
001 - NÚMERO DE CONTROL
campo de control 186084
003 - IDENTIFICADOR DE NÚMERO DE CONTROL
campo de control ES-MaACL
005 - FECHA Y HORA DE LA ÚLTIMA TRANSACCIÓN
campo de control 20230906222603.0
008 - DATOS DE LONGITUD FIJA--INFORMACIÓN GENERAL
campo de control de longitud fija 160907m19591962sp |||| | spa d
245 00 - MENCIÓN DEL TÍTULO
Título Maestros rusos :
Resto del título novelas, relatos, teatro /
Mención de responsabilidad, etc. selección e introducción de S.J. Arbatoff.
260 ## - PUBLICACIÓN, DISTRIBUCIÓN, ETC.
Lugar de publicación, distribución, etc. Barcelona :
Nombre del editor, distribuidor, etc. Planeta,
Fecha de publicación, distribución, etc. 1959-1962.
300 ## - DESCRIPCIÓN FÍSICA
Extensión 4 v. ;
Dimensiones 19 cm.
500 ## - NOTA GENERAL
Nota general Son los vols. 1-3, 6.
505 8# - NOTA DE CONTENIDO CON FORMATO
Nota de contenido con formato Contiene: 1. Alejandro Sergeievich Puschkin, Miguel Iurievich Lermontov, Nicolás Vasilievich Gogol, Feodor Mijailovich Dostoievski, León Nikolaievich Tolstoi (CXIX, 1900 p.) --- 2. Sergei TImofeievich Aksakov, Iván Alexandrovich Goncharov, Iván Sergeievich Turgueniev, Miguel Evgrafovich Saltykov (Chedrin), Nicolás Semionovich Leskov (CLXXIV, 1806 p.) --- 3. Dmitri Narkisovich Mamin (Sibiriak), Vladimir Galaktionovich Korolenko, Vsevolod Mijailovich Garshin, Antón Pavloich Chejov, Maxim Gorki (Alexei Maximovich Peshkov) (CCCXXXV, 1805 p.) -- -- 6. Andrei Belvyi (Boris Nikolaievich Bugaiev), Boris Konstantinovich Zaitzeff, Eugenio Ivanovich Zamiatin, Nikolai Vladimirovich Narokov, Víctor Borisovich Sven (CCXLVII, 1774 p.)
700 0# - ENTRADA AGREGADA--NOMBRE PERSONAL
Nombre de persona Arbatoff, S. J.
9 (RLIN) 22379
852 ## - LOCALIZACIÓN
Ubicación ES-MaACL
Número de control de estantería E-4914-17
Holdings
Estatus retirado Estado de pérdida Estado de daño No para préstamo Biblioteca de origen Biblioteca actual Ubicación en estantería Fecha de adquisición Fuente de adquisición Total de préstamos Signatura topográfica completa Código de barras Visto por última vez Precio de reemplazo Tipo de ítem Koha
        Biblioteca del Ateneo de Madrid Biblioteca del Ateneo de Madrid Depósito 2 07/09/2016     E-4914-17 1196189 23/02/2023 23/02/2023 Libro impreso